| 000 | 01183nam a2200325 i 4500 | ||
|---|---|---|---|
| 001 | 000013347 | ||
| 003 | DO-SdBNP | ||
| 005 | 20250820080636.0 | ||
| 007 | ta | ||
| 008 | 091123s1986 dr 000 s spa d | ||
| 040 |
_aDO-SdBNP _bspa _cBNPHU _erda |
||
| 041 | _aspa | ||
| 049 | _aBNPD | ||
| 082 | 4 |
_a351.00352 _bR426d _222 |
|
| 110 | 1 |
_aRepública Dominicana. _bPresidente (1982-1986 : Jorge Blanco) _930550 |
|
| 245 | 1 | 0 |
_aDiscurso ante la Asamblea Nacional : _b27 de febrero de 1986 / _cPresidente Salvador Jorge Blanco. |
| 264 | 1 |
_aSanto Domingo : _bEditor no identificado, _c1986. |
|
| 300 |
_a219 páginas ; _c22 cm. |
||
| 336 |
_atexto _btxt _2rdacontent |
||
| 337 |
_asin mediación _bn _2rdamedia |
||
| 338 |
_avolumen _bnc _2rdacarrier |
||
| 590 | _aInventariado, 2020 / DG | ||
| 650 | 4 |
_aDiscursos presidenciales _910061 |
|
| 651 | 4 |
_aRepública Dominicana _xPolítica y gobierno, _y1961- _9204 |
|
| 651 | 4 |
_aRepública Dominicana _xCondiciones económicas, _y1961- _97344 |
|
| 651 | 4 |
_aRepública Dominicana _xCondiciones sociales _y1961- _97345 |
|
| 700 | 1 |
_aJorge Blanco, Salvador, _d1926-2010 _930551 |
|
| 910 | _aValidado. Control de calidad MFF | ||
| 942 |
_2ddc _cLBS1 |
||
| 999 |
_c12975 _d12975 |
||